Catalog

Record Details

Catalog Search



Český román  Cover Image Book Book

Český román / Olga Scheinpflugová

Record details

  • Physical Description: 590 s. ; 8°
  • Edition: 2. vyd.
  • Publisher: [V Praze] : Fr. Borový, 1946

Content descriptions

General Note:
10000 výt.

Available copies

  • 1 of 1 copy available at Common Catalog SPOK.

Holds

  • 0 current holds with 1 total copy.
Show All Copies
Location Call Number / Copy Notes Barcode Shelving Location Status Due Date
Hospic Dobrého Pastýře BE-S
Tematická katagorie: Beletrie (BE)
2045957013640 Knihovna Available -

LDR 00717nam a2200253 a 4500
00129339
003CZ-PrJAB
00520171111192419.0
007ta
008040203s1946 xr 000 cze
015 . ‡acnb001317792
020 . ‡q(Váz.)
035 . ‡a(CZ PrNK)bknnat00132
035 . ‡a(OCoLC)12779292
040 . ‡aABA001 ‡bcze ‡cABA001
1001 . ‡aScheinpflugová, Olga, ‡d1902-1968 ‡7jk01110879 ‡4aut
24510. ‡aČeský román / ‡cOlga Scheinpflugová
250 . ‡a2. vyd.
260 . ‡a[V Praze] : ‡bFr. Borový, ‡c1946 ‡e(v Brně : ‡fAkciová moravská knihtiskárna Polygrafie)
300 . ‡a590 s. ; ‡c
4901 . ‡aŽatva ; ‡vsv. 59
500 . ‡a10000 výt.
830 0. ‡aŽatva (Fr. Borový)
910 . ‡aBNE702
998 . ‡a001317792
901 . ‡a29339 ‡b ‡c29339 ‡tbiblio

Additional Resources